Biblioteka Instytutu Północnego w Olsztynie

Dzieje Polski. (Rekord nr 27857)

Szczegóły MARC
000 -Nagłówek
fixed length control field 01250cam a2200313 i 4500
001 - Nr kontrolny bibl., która utworzyła rek.
control field zz2005900347
003 - Siglum bibl., której nr kontr. jest w 001
control field NUKAT
005 - Data i czas ostatniej operacji
control field 20260428232321.0
008 - Elementy pola stałej długości
fixed length control field 050106s1938 pl |000 0 pol c
035 ## - Systemowy numer kontrolny
systemowy numer kontrolny (OCoLC)749879212
035 ## - Systemowy numer kontrolny
systemowy numer kontrolny (NUKAT)zz2005900347
040 ## - Instytucja sporządzająca opis
Instytucja, która sporządziła opis GD U/AJ
język katalgowania-trzyzn. kod pol
zasady opisu rda
Instytucja, która sporządziła rekord GD U/AJ
Instytucja, która zmodyfikowała rekord GD U/AJ
-- GD U/KMs
-- WR O/PC
-- OLSZT 008/AL
100 1# - Hasło główne-nazwa osobowa
Nazwa osobowa Sobieski, Wacław
Daty biograficzne (1872-1935).
rodzaj współpracy Autor
9 (RLIN) 1298
245 10 - Tytuł właściwy i oznaczenie odpow.
tytuł Dzieje Polski.
numer części/sekcji pracy T. 1,
tytuł części/sekcji pracy Do roku 1696 /
dod. inf. ze s. tyt./ozn. odpow. Wacław Sobieski ; przejrzał i uzupełnił Kazimierz Tymieniecki.
250 ## - Oznaczenie wydania
oznaczenie wydania Wydanie drugie - pośmiertne.
260 ## - Adres wydawniczy
miejsce wydania, dystrybucji itp. Warszawa :
nazwa wydawcy, dystrybutora itp. Wydawnictwo Zorza :
-- nakład i własność Jana Załuski,
data wydania, dystrybucji itp. 1938
miejsce druku (Łomża :
nazwa drukarni Drukarnia Diecezjalna).
300 ## - Opis fizyczny
objętość i/lub forma materiału 262, IV, [3] strony :
inne szczegóły opisu fizycznego errata ;
format 24 cm.
336 ## - Content Type
Term Tekst
Code txt
Source rdacontent
337 ## - Media Type
Term Bez urządzenia pośredniczącego
Code n
Source rdamedia
338 ## - Carrier Type
Term Wolumin
Code nc
Source rdacarrier
380 ## - Form of work
Form of work Książki
651 #7 - Hasło przedmiotowe-nazwa geogr.
nazwa geograficzna Polska
źródło hasła DBN
9 (RLIN) 35076
651 #7 - Hasło przedmiotowe-nazwa geogr.
nazwa geograficzna Polska
określnik chronologiczny do 1795.
źródło hasła kaba
9 (RLIN) 15257
658 ## - Nazwa określająca cel programu nauczania
główny cel programu nauczania Historia
700 1# - Hasło dodatkowe - nazwa osobowa
nazwa osobowa Tymieniecki, Kazimierz
daty biograficzne (1887-1968).
rodzaj współpracy Opracowanie
9 (RLIN) 1700
700 1# - Hasło dodatkowe - nazwa osobowa
nazwa osobowa Załuska, Jan
daty biograficzne (1873-1941).
rodzaj współpracy Nakładca
9 (RLIN) 18628
710 2# - Hasło dodatkowe - nazwa ciała zbior.
nazwa ciała zbior. lub nazwa geogr. Drukarnia "Zorza" (Warszawa).
rodzaj współpracy Wydawca
kod rodzaju współpracy pbl
9 (RLIN) 40841
942 ## - ADDED ENTRY ELEMENTS (KOHA)
Source of classification or shelving scheme Dewey Decimal Classification
Koha item type pozycje dostępne na miejscu
Egzemplarze
Status wycofania Status zagubienia Klasyfikacja Status uszkodzenia Blokada wypożyczeń Kolekcja Lokalizacja macierzysta Lokalizacja bieżąca Data nabycia Numer akcesji Źródło akcesji Nr inwentarzowy il. wypożyczeń Sygnatura Kod kreskowy Date last seen Price effective from Typ egz.
    Dewey Decimal Classification nieuszkodzona   Pracownia Badań Księgozbiorów Historycznych Biblioteka Instytutu Północnego w Olsztynie Pracownia Badań Księgozbiorów Historycznych 28/04/2026 K-25/1966 kupno 16742/1-2   16742/1-2 IPWK22220 28/04/2026 28/04/2026 pozycje dostępne na miejscu
Biblioteka Instytutu Północnego, ul. Partyzantów 87, 10-402 Olsztyn, email: biblioteka(at)ip.olsztyn.pl